000
00371nam a2200133Ia 4500
008
151001s9999||||xx |||||||||||||| ||und||
100
_a
& Bharathi Chinmaaya
245
_a
Bala Bhagavatam
250
_a
1
260
_b
Triurti p. press
260
_c
1980
300
_a
141
365
_b
27
999
_c
964377
_d
964374